000 00299nam a22001217a 4500
003 SGT
082 _a330
_bE02S
100 _aSHARMA, MAHESH CHANDRA
245 _aECONOMIC PHILOSOPHY OF DEENDYAL UPADHYAYA
260 _bRESEARCH AND DEVELOPMENT FOUNDATION
_c2002
300 _a100
942 _2ddc
_cBK
999 _c32045
_d32045